| 000 | 00416cam a2200181 4500 | ||
|---|---|---|---|
| 001 | D3939 | ||
| 008 | 090401t1985 xxu||||| |||| 00| 0 eng d | ||
| 035 | _a(Sirsi) u75617 | ||
| 041 | _aeng | ||
| 050 | _a658.99 | ||
| 100 | _aFryer, Barry | ||
| 245 | 4 | _aThe practice of construction management | |
| 260 |
_aLondon _bCollins _c1985 |
||
| 300 | _a266p. 24cm | ||
| 350 | _a8.95 | ||
| 942 | _n0 | ||
| 948 | _c04/03/1997 | ||
| 999 |
_c96057 _d96057 |
||